[Event "Erandio op 28th"]
[Site "Erandio"]
[Date "2019.12.19"]
[Round "6"]
[White "Uria Ramirez, Aitor"]
[Black "Fernandez Amezaga, Karmelo"]
[Result "1-0"]
[WhiteElo "1906"]
[BlackElo "1627"]
[PlyCount "65"]
[EventDate "2019.12.14"]
[EventType "swiss"]
[EventRounds "8"]
[EventCountry "ESP"]
[SourceTitle "CBM 194 Extra"]
[Source "ChessBase"]
[SourceDate "2020.03.31"]
[SourceVersion "1"]
[SourceVersionDate "2020.03.31"]
[SourceQuality "1"]

1. d4 Nf6 2. c4 e6 3. Nc3 Bb4 4. f3 c6 5. a3 Ba5 6. b4 Bc7 7. e4 Nh5 8. g3 Nf6 9. e5 Ng8 10. f4 b6 11. Bg2 Ne7 12. Nf3 Bb7 13. 0-0 0-0 14. Bb2 Nf5 15. Qd3 d5 16. cxd5 cxd5 17. Rfc1 a6 18. g4 Nh4 19. Ng5 Ng6 20. Qe3 b5 21. Ne2 h6 22. Nf3 Bb6 23. f5 Nh4 24. Rf1 Nc6 25. f6 Nxf3+ 26. Rxf3 Kh7 27. Rh3 Rh8 28. g5 Kg8 29. fxg7 Kxg7 30. gxh6+ Kh7 31. Rf1 Qc7 32. Qd3+ Kg8 33. Qg3+ 1-0

[Event "Bizkaiko-ch Primary"]
[Site "Arrigorriagako"]
[Date "2012.??.??"]
[Round "2.15"]
[White "Herran Castro, Aitor"]
[Black "Fernandez Amezaga, Karmelo"]
[Result "1-0"]
[WhiteElo "1845"]
[BlackElo "1677"]
[PlyCount "49"]
[EventDate "2012.10.20"]
[EventType "tourn"]
[EventRounds "6"]
[EventCountry "ESP"]
[SourceTitle "EXT 2024"]
[Source "ChessBase"]
[SourceDate "2023.10.10"]
[SourceVersion "1"]
[SourceVersionDate "2023.10.10"]
[SourceQuality "1"]

1. d4 Nf6 2. Bg5 e6 3. e4 Be7 4. Bd3 c6 5. Nf3 d5 6. e5 Nfd7 7. Be3 0-0 8. c3 f6 9. Nbd2 f5 10. g3 c5 11. Qe2 c4 12. Bc2 b5 13. a3 Rf7 14. h4 h6 15. h5 Nf8 16. Nh4 f4 17. Bxf4 Rxf4 18. gxf4 Bxh4 19. Qg4 Be7 20. Rg1 g5 21. hxg6 Kg7 22. Rh1 Nc6 23. Rxh6 Bg5 24. fxg5 Ne7 25. Qh5 1-0